00317nam a2200121Ia 4500008004100000041000800041082001200049100001600061245003600077260003900113300003200152365001100184240624s9999 xx 000 0 und d aeng a200 FLO aFLOOD GAVIN aBLACKWELL COMPANION TO HINDUISM c2003aOxfordbBlackwell Publishing axiii, : 599 : p. : cm. ; 23 cRSb35